[Event "Helmond Rapid op"]
[Site "Helmond"]
[Date "2025.05.03"]
[Round "6"]
[White "Chaganti, Prahasith Reddy"]
[Black "Wilming, Auke"]
[Result "0-1"]
[WhiteElo "1737"]
[BlackElo "1962"]
[PlyCount "50"]
[EventDate "2025.05.03"]
[EventType "swiss (rapid)"]
[EventRounds "9"]
[EventCountry "NED"]
[SourceTitle "CB19_2025"]
[SourceDate "2025.05.07"]
[SourceVersion "1"]
[SourceVersionDate "2025.05.07"]
[SourceQuality "1"]

1. e4 e5 2. Nf3 Nc6 3. Bc4 Nf6 4. Ng5 d5 5. exd5 Na5 6. Bb5+ c6 7. dxc6 bxc6 8. Bd3 Nd5 9. Nf3 Bd6 10. 0-0 0-0 11. Re1 f5 12. Nxe5 Qf6 13. Nf3 g5 14. c3 g4 15. Nd4 Qh6 16. g3 Nf4 17. Bf1 Nh3+ 18. Bxh3 Qxh3 19. b4 f4 20. Qe2 fxg3 21. fxg3 Bxg3 22. hxg3 Qxg3+ 23. Kh1 c5 24. Rg1 Bb7+ 25. Rg2 Rae8 0-1

[Event "Krefeld Easter op"]
[Site "Krefeld"]
[Date "2025.04.21"]
[Round "8"]
[White "Chaganti, Prahasith Reddy"]
[Black "Meyer, Ulrich"]
[Result "0-1"]
[WhiteElo "1733"]
[BlackElo "1874"]
[PlyCount "68"]
[EventDate "2025.04.17"]
[EventType "swiss"]
[EventRounds "9"]
[EventCountry "GER"]
[SourceTitle "CB17_2025"]
[SourceDate "2025.04.23"]
[SourceVersion "1"]
[SourceVersionDate "2025.04.23"]
[SourceQuality "1"]

1. e4 c5 2. Nf3 Nc6 3. d4 cxd4 4. Nxd4 e5 5. Nf3 Nf6 6. Nc3 Bb4 7. Bg5 Qa5 8. Bd2 a6 9. a3 Bxc3 10. Bxc3 Qc7 11. Bd3 0-0 12. 0-0 Rd8 13. Re1 d6 14. h3 h6 15. Bc4 Qe7 16. Qd3 Nh5 17. Bd5 Nf4 18. Qd2 g5 19. Qc1 g4 20. hxg4 Bxg4 21. Bd2 Nxd5 22. exd5 Bxf3 23. dxc6 Bxc6 24. Bxh6 f6 25. Re3 Kf7 26. Qd1 Rg8 27. Qh5+ Ke6 28. f3 Qh7 29. Qh3+ Kf7 30. Kf2 Rg6 31. Rh1 Rh8 32. Bf4 Qxh3 33. Rxh3 Rxh3 34. gxh3 exf4 0-1

[Event "Krefeld Easter op"]
[Site "Krefeld"]
[Date "2025.04.20"]
[Round "7"]
[White "Homfeldt, Christopher"]
[Black "Chaganti, Prahasith Reddy"]
[Result "1/2-1/2"]
[WhiteElo "1894"]
[BlackElo "1733"]
[PlyCount "31"]
[EventDate "2025.04.17"]
[EventType "swiss"]
[EventRounds "9"]
[EventCountry "GER"]
[SourceTitle "CB17_2025"]
[SourceDate "2025.04.23"]
[SourceVersion "1"]
[SourceVersionDate "2025.04.23"]
[SourceQuality "1"]

1. d4 d5 2. c4 e6 3. Nc3 c5 4. cxd5 exd5 5. Nf3 Nf6 6. Bg5 Be6 7. e3 a6 8. Qb3 Nc6 9. Be2 c4 10. Qc2 h6 11. Bh4 Be7 12. 0-0 b5 13. Rfd1 b4 14. Nb1 0-0 15. Nbd2 Qd7 16. e4 1/2-1/2

[Event "GER-ch U08"]
[Site "Willingen"]
[Date "2024.05.24"]
[Round "6"]
[White "Chaganti, Prahasith Reddy"]
[Black "Von Gehlen, Elian"]
[Result "0-1"]
[WhiteElo "1305"]
[BlackElo "1494"]
[PlyCount "70"]
[EventDate "2024.05.22"]
[EventType "swiss"]
[EventRounds "7"]
[EventCountry "GER"]
[SourceTitle "CBM 220 Extra"]
[Source "ChessBase"]
[SourceDate "2024.07.31"]
[SourceVersion "1"]
[SourceVersionDate "2024.07.31"]
[SourceQuality "1"]

1. e4 c6 2. d4 d5 3. exd5 cxd5 4. Bd3 Nf6 5. h3 Nc6 6. Nf3 g6 7. Bf4 Bf5 8. Bxf5 gxf5 9. 0-0 e6 10. Re1 Be7 11. Nbd2 Qd7 12. c3 Rg8 13. Rc1 Bd6 14. Ne5 Bxe5 15. Bxe5 Ne4 16. Bh2 Ke7 17. Nb3 Rg6 18. f3 Nd6 19. Qc2 Rag8 20. Re2 Rc8 21. a3 Rcg8 22. Qd2 Nc4 23. Qf4 a6 24. Qxf5 Rxg2+ 25. Kh1 Rxe2 26. Qxh7 Rgg2 27. Qh4+ f6 28. Qh7+ Kd8 29. Qh8+ Ke7 30. Qh7+ Kd8 31. Qh8+ Qe8 32. Qxf6+ Kc8 33. Bf4 Qg8 34. Nc5 Rh2+ 35. Bxh2 Qg2# 0-1

[Event "GER-ch U08"]
[Site "Willingen"]
[Date "2024.05.23"]
[Round "4"]
[White "Chaganti, Prahasith Reddy"]
[Black "Ni, Wilhelm Zeyin"]
[Result "1-0"]
[WhiteElo "1305"]
[BlackElo "1696"]
[PlyCount "67"]
[EventDate "2024.05.22"]
[EventType "swiss"]
[EventRounds "7"]
[EventCountry "GER"]
[SourceTitle "CBM 220 Extra"]
[Source "ChessBase"]
[SourceDate "2024.07.31"]
[SourceVersion "1"]
[SourceVersionDate "2024.07.31"]
[SourceQuality "1"]

1. e4 e5 2. Nf3 Nc6 3. d4 exd4 4. Nxd4 Nf6 5. Nc3 Bb4 6. Nxc6 bxc6 7. Bd3 0-0 8. 0-0 d5 9. e5 Ng4 10. Bf4 f6 11. exf6 Nxf6 12. Bg5 h6 13. Bh4 Qd6 14. a3 Bc5 15. Qd2 Ng4 16. Bg3 Qf6 17. Rae1 Qf7 18. h3 Nf6 19. b4 Bd6 20. Bxd6 cxd6 21. Re3 Qd7 22. Bg6 Ne4 23. Nxe4 dxe4 24. Rg3 Qe6 25. Qc3 Qf6 26. Qxc6 e3 27. Qxa8 e2 28. Qd5+ Kh8 29. Qd3 exf1Q+ 30. Qxf1 Bf5 31. Bxf5 Qxf5 32. Rf3 Qc8 33. Rxf8+ Qxf8 34. Qd3 1-0

[Event "GER-ch U08"]
[Site "Willingen"]
[Date "2023.06.03"]
[Round "7"]
[White "Chaganti, Prahasith Reddy"]
[Black "Merle, Atreyu Lukas"]
[Result "0-1"]
[WhiteElo "836"]
[BlackElo "1081"]
[PlyCount "62"]
[EventDate "2023.05.30"]
[EventType "swiss"]
[EventRounds "7"]
[EventCountry "GER"]
[SourceTitle "CBM 214 Extra"]
[Source "ChessBase"]
[SourceDate "2023.07.31"]
[SourceVersion "1"]
[SourceVersionDate "2023.07.31"]
[SourceQuality "1"]

1. e4 e5 2. Nf3 Nc6 3. Bc4 Bc5 4. c3 Nf6 5. d4 exd4 6. cxd4 Bb4+ 7. Bd2 Nxe4 8. Qe2 d5 9. Bxb4 Nxb4 10. a3 Nc6 11. Bd3 Bg4 12. Bxe4 Nxd4 13. Qd3 Nxf3+ 14. Bxf3 Be6 15. 0-0 0-0 16. Nc3 c6 17. Bd1 c5 18. Bc2 g6 19. Qb5 b6 20. b4 Rc8 21. Rad1 d4 22. bxc5 Rxc5 23. Qb4 Rxc3 24. Rxd4 Qc7 25. Be4 Rc1 26. Rfd1 Bg4 27. f3 Be6 28. Qb2 Rxd1+ 29. Rxd1 Qc5+ 30. Rd4 Rd8 31. Kf1 Qxd4 0-1

[Event "GER-ch U08"]
[Site "Willingen"]
[Date "2023.06.01"]
[Round "4"]
[White "Graf, Tom"]
[Black "Chaganti, Prahasith Reddy"]
[Result "1/2-1/2"]
[WhiteElo "1095"]
[BlackElo "836"]
[PlyCount "80"]
[EventDate "2023.05.30"]
[EventType "swiss"]
[EventRounds "7"]
[EventCountry "GER"]
[SourceTitle "CBM 214 Extra"]
[Source "ChessBase"]
[SourceDate "2023.07.31"]
[SourceVersion "1"]
[SourceVersionDate "2023.07.31"]
[SourceQuality "1"]

1. e4 e5 2. Nf3 Nc6 3. Bc4 g6 4. Nc3 Bg7 5. 0-0 Nf6 6. d3 d6 7. h3 0-0 8. Bg5 Be6 9. Nd5 a6 10. a3 b5 11. Ba2 Rc8 12. Qe2 Na7 13. Qe3 c5 14. b4 Re8 15. Rfe1 Bd7 16. Qc1 Nc6 17. Qb2 Be6 18. Rad1 h6 19. Nxf6+ Bxf6 20. Bxh6 g5 21. Bxe6 Rxe6 22. Qc1 cxb4 23. Nxg5 Bxg5 24. Bxg5 Qb6 25. Bh6 Kh7 26. Bd2 Rf6 27. Be3 Nd4 28. axb4 Qc6 29. Bxd4 exd4 30. Rd2 Qc3 31. Rde2 Qxb4 32. Qg5 Rg6 33. Qh5+ Kg7 34. f4 Rxc2 35. f5 Qxe1+ 36. Rxe1 Rgxg2+ 37. Kh1 Rh2+ 38. Kg1 Rcg2+ 39. Kf1 Rf2+ 40. Kg1 Rfg2+ 1/2-1/2

[Event "GER-ch U08"]
[Site "Willingen"]
[Date "2023.05.31"]
[Round "2"]
[White "Chaganti, Prahasith Reddy"]
[Black "Roscher, Simon"]
[Result "1-0"]
[WhiteElo "836"]
[BlackElo "1051"]
[PlyCount "67"]
[EventDate "2023.05.30"]
[EventType "swiss"]
[EventRounds "7"]
[EventCountry "GER"]
[SourceTitle "CBM 214 Extra"]
[Source "ChessBase"]
[SourceDate "2023.07.31"]
[SourceVersion "1"]
[SourceVersionDate "2023.07.31"]
[SourceQuality "1"]

1. e4 d5 2. exd5 Nf6 3. c4 c6 4. b3 cxd5 5. cxd5 Nxd5 6. Bb2 Nc6 7. d4 g6 8. Nf3 Bg7 9. Nc3 Bf5 10. Bc4 Nf6 11. Ng5 e6 12. Nf3 0-0 13. 0-0 Qb6 14. Na4 Qc7 15. Nc5 b6 16. Nd3 Ng4 17. h3 Nf6 18. Rc1 Qb7 19. Nde5 Nxe5 20. dxe5 Rad8 21. Qe2 Nd7 22. Ba6 Qa8 23. Rc7 f6 24. exf6 Nxf6 25. Be5 Qd5 26. Rxa7 Rd7 27. Bc4 Qc5 28. Rxd7 Nxd7 29. Bxg7 Kxg7 30. Ng5 Kg8 31. Nxe6 Ne5 32. Nxc5+ Kh8 33. Qxe5+ Rf6 34. Qxf6# 1-0